| 000 | 00696nam a2200229Ia 4500 | ||
|---|---|---|---|
| 008 | 191130s2010##################000#0#eng## | ||
| 020 | _a9780534386719 | ||
| 022 | _a2009922034 | ||
| 040 |
_aACL _cACL |
||
| 082 | _a519.2 SCH | ||
| 100 | _aScheaffer, Richard L | ||
| 245 |
_aIntroduction to probability and its applications _cRichard L. Scheaffer, Linda Young |
||
| 250 | _a3rd ed | ||
| 260 |
_aAustralia ; Belmont, CA _bBrooks/Cole _c2010 |
||
| 300 | _ax, 470 p. : ill. ; 25 cm | ||
| 500 | _aIncludes bibliographical references and index | ||
| 650 | _aProbabilities | ||
| 700 | _aYoung, Linda J | ||
| 990 | _abe666611ac10000c23f1c591834c1cf6 | ||
| 991 | _a231043 | ||
| 999 |
_c219914 _d219914 |
||